[Event "Zuerich op-A 29th"]
[Site "Zuerich"]
[Date "2005.12.27"]
[Round "2"]
[White "Schiendorfer, Emanuel"]
[Black "Adamantidis, Panagiotis"]
[Result "1-0"]
[WhiteElo "2059"]
[BlackElo "2051"]
[PlyCount "49"]
[EventDate "2005.12.26"]
[EventType "swiss"]
[EventRounds "7"]
[EventCountry "SUI"]
[SourceTitle "CBM 110 Extra"]
[Source "ChessBase"]
[SourceDate "2006.03.10"]
[SourceVersion "2"]
[SourceVersionDate "2006.03.10"]
[SourceQuality "1"]

1. d4 d5 2. c4 c6 3. Nc3 e6 4. e4 dxe4 5. Nxe4 Bb4+ 6. Bd2 Qxd4 7. Bxb4 Qxe4+ 8. Be2 Qxg2 9. Qd6 Nd7 10. Bf3 Qg5 11. Ne2 Qe7 12. Qd2 c5 13. Bc3 Ngf6 14. Rg1 Rg8 15. 0-0-0 Rb8 16. Ng3 b5 17. cxb5 Bb7 18. Bxb7 Rxb7 19. Rge1 g6 20. Qf4 Nh5 21. Qe4 Ndf6 22. Qc6+ Rd7 23. Nxh5 Nxh5 24. Ba5 Qg5+ 25. Kb1 1-0